Une Bataille,une Date #2 - Statistiques

Statistiques générales
  • Ce quiz a été pris 32 fois
  • Le résultat moyen est 8 sur 20
Statistiques - réponses
Hint Réponse % Correct
Midway 1942
84%
Gergovie -52 av. JC
80%
Diên Biên Phu 1954
76%
Marathon 490 av. JC
72%
Gettysburg 1863
56%
Crécy 1346
52%
Wagram 1809
52%
Friedland 1807
48%
Yorktown 1781
44%
Jutland 1916
44%
Lépante 1571
32%
Damiette 1249
28%
Denain 1712
20%
Vouillé 507
20%
Formigny 1450
16%
Siège de Nancy 1477
16%
Jarnac 1569
12%
Arques 1589
12%
Les Dunes 1658
8%
Strasbourg 357
8%
Aucun quiz correspondant
Distribution des résultats
% des personnes avec chaque résultat
Percentile par nombre de réponses
Votre historique - résultats
Vous n’avez pas pris ce quiz